[Event "Dortmund op-A"]
[Site "Dortmund"]
[Date "2003.08.04"]
[Round "4"]
[White "Naiditsch, Marija"]
[Black "Drill, Frank J"]
[Result "1/2-1/2"]
[WhiteElo "2032"]
[BlackElo "2213"]
[PlyCount "150"]
[EventDate "2003.08.01"]
[EventType "swiss"]
[EventRounds "9"]
[EventCountry "GER"]
[SourceTitle "CBM 095 Extra"]
[Source "ChessBase"]
[SourceDate "2003.09.04"]
[SourceVersion "1"]
[SourceVersionDate "2003.09.04"]
[SourceQuality "1"]

1. e4 d6 2. d4 Nf6 3. Nc3 Nbd7 4. Bc4 e5 5. Nf3 Be7 6. 0-0 0-0 7. a4 c6 8. Re1 Qc7 9. h3 b6 10. b3 Bb7 11. d5 cxd5 12. exd5 Rac8 13. Bg5 Rfe8 14. Nb5 Qb8 15. Nc3 a6 16. Qd2 Bf8 17. Bxf6 Nxf6 18. Ng5 h6 19. Nge4 Nxe4 20. Nxe4 f5 21. Ng3 g6 22. h4 Rc5 23. Qe2 Rec8 24. Rac1 h5 25. Red1 Bh6 26. Rb1 b5 27. axb5 axb5 28. Bd3 Bxd5 29. Nxf5 gxf5 30. Bxf5 Bf7 31. Bxc8 Qxc8 32. Rxd6 Bf8 33. Rd3 Bg6 34. Rg3 Kh7 35. Re1 Bg7 36. c4 bxc4 37. bxc4 Rxc4 38. Qe3 Bf6 39. Qa7+ Rc7 40. Qb6 Rc6 41. Qb4 Rc4 42. Qb6 Rc1 43. Qa7+ Qc7 44. Qxc7+ Rxc7 45. Rf3 Kg7 46. g3 Bf7 47. Rfe3 Bd5 48. Kh2 Bb7 49. Kg1 Kf7 50. Kh2 Ba6 51. Ra1 Rc6 52. Ra2 Rd6 53. Kg2 Kg6 54. Kh2 Bb5 55. Rb2 Bd3 56. Rd2 e4 57. Rxe4 Bc3 58. Rd1 Bxe4 59. Rxd6+ Bf6 60. Rd1 Bf3 61. Rd3 Be2 62. Re3 Bd1 63. f3 Kg7 64. Kh3 Kg6 65. g4 hxg4+ 66. fxg4 Ba4 67. Rf3 Bd7 68. Ra3 Bb5 69. Ra5 Bc4 70. Rc5 Bf1+ 71. Kg3 Bd4 72. Rf5 Be2 73. h5+ Kh6 74. Kh4 Bc3 75. g5+ Kg7 1/2-1/2